Current Medical Diagnosis and Treatment/ (Record no. 208167)
[ view plain ]
| 000 -LEADER | |
|---|---|
| fixed length control field | 00775nam a22002177a 4500 |
| 005 - DATE AND TIME OF LATEST TRANSACTION | |
| control field | 20250107170351.0 |
| 010 ## - LCCN (DPL NO) | |
| LC control number | ENG-143200 |
| 020 ## - INTERNATIONAL STANDARD BOOK NUMBER | |
| Terms of availability | 350.00 |
| International Standard Book Number | 9780071117302 |
| 035 ## - SYSTEM CONTROL NUMBER | |
| System control number | EN-126732 |
| 037 ## - SOURCE OF ACQUISITION | |
| Source of stock number/acquisition | DBAD |
| 082 ## - DEWEY DECIMAL CLASSIFICATION NUMBER | |
| Classification number | 616.075 |
| 245 ## - TITLE STATEMENT | |
| Title | Current Medical Diagnosis and Treatment/ |
| Statement of responsibility, etc | Edited by Lawrence M. Tierney; Stephen J. Mcphee [and] Maxine A. Papadakis |
| 250 ## - EDITION STATEMENT | |
| Edition statement | 1 |
| 260 ## - PUBLICATION, DISTRIBUTION, ETC. (IMPRINT) | |
| Place of publication, distribution, etc | Chennai |
| Name of publisher, distributor, etc | McGraw Hill Education Private Ltd |
| Date of publication, distribution, etc | 2005 |
| 270 ## - ADDRESS | |
| Address | Anjana Complex, No. 5/90A, Butt Road, St Thomas Mount |
| City | Chennai |
| Postal code | 600016 |
| 300 ## - PHYSICAL DESCRIPTION | |
| Extent | 1887p. |
| Dimensions | 25cm(pb) |
| 700 ## - ADDED ENTRY--PERSONAL NAME | |
| Personal name | Tierney, Lawrence M. |
| Relator term | Editor |
| 9 (RLIN) | 76047 |
| 700 ## - ADDED ENTRY--PERSONAL NAME | |
| Personal name | Mcphee, Stephen J. |
| Relator term | Editor |
| 9 (RLIN) | 76048 |
| 700 ## - ADDED ENTRY--PERSONAL NAME | |
| Personal name | Papadakis, Maxine A. |
| Relator term | Editor |
| 9 (RLIN) | 76049 |
| 942 ## - ADDED ENTRY ELEMENTS (KOHA) | |
| Source of classification or shelving scheme | Dewey Decimal Classification |
| Item type | English Books |
| Call number suffix | CUR |
| Classification part | 616.075 |
| Withdrawn status | Lost status | Not for loan | Collection code | Home library | Current library | Date acquired | Source of acquisition | Cost, normal purchase price | Full call number | Barcode | Copy number | Cost, replacement price | Koha item type |
|---|---|---|---|---|---|---|---|---|---|---|---|---|---|
| Non-fiction | Kadipur | Kadipur | 07/01/2025 | Delivery of Books Division | 350.00 | CUR 616.075 | EN-126732 | 1 | 350.00 | English Books |
